[Event "Morava-ch U14"]
[Site "Loucna nad Desnou"]
[Date "2017.10.27"]
[Round "7"]
[White "Khadash, Samuel"]
[Black "Frank, Adam"]
[Result "0-1"]
[WhiteElo "1519"]
[BlackElo "1828"]
[PlyCount "142"]
[EventDate "2017.10.24"]
[EventType "swiss"]
[EventRounds "9"]
[EventCountry "CZE"]
[SourceTitle "EXT 2020"]
[Source "ChessBase"]
[SourceDate "2019.10.17"]
[SourceVersion "1"]
[SourceVersionDate "2019.10.17"]
[SourceQuality "1"]

1. e4 e5 2. Nf3 Nc6 3. d4 exd4 4. Nxd4 Nf6 5. Nc3 Bb4 6. Nxc6 bxc6 7. Bd3 d5 8. exd5 cxd5 9. 0-0 0-0 10. Bg5 c6 11. Qf3 h6 12. Bxf6 Qxf6 13. Qxf6 gxf6 14. Ne2 Bd6 15. f4 Rb8 16. b3 Bg4 17. Kh1 Rb4 18. c4 Bxe2 19. Bxe2 d4 20. c5 Bxc5 21. Rac1 Re8 22. Bf3 Bf8 23. Rxc6 d3 24. g3 Rd4 25. Rd1 Kg7 26. Kg2 Re6 27. Rc7 Re7 28. Rxe7 Bxe7 29. Re1 Bc5 30. Re4 Rd8 31. Re1 d2 32. Rd1 Bb4 33. Kf1 Re8 34. Be2 Kf8 35. a3 Bc3 36. Kf2 a5 37. Bb5 Re7 38. Kf3 Kg7 39. Bd3 Rb7 40. Bc2 Rd7 41. Bf5 Rb7 42. Bc2 Re7 43. Bd3 h5 44. h3 Kf8 45. Bb5 Re6 46. h4 Rb6 47. Bc4 f5 48. Ke3 Rd6 49. Be2 Bb2 50. Bd3 Bc1 51. Bxf5 Bxa3 52. Bd3 Bb4 53. Be2 Re6+ 54. Kf2 Rh6 55. Kf3 Ke7 56. f5 Kf6 57. Kf4 Rh8 58. Bf3 Kg7 59. Ke3 Kh6 60. Bd5 f6 61. Bc4 Re8+ 62. Be6 Re7 63. Kd4 Rg7 64. Kd3 Rxg3+ 65. Kc2 Rh3 66. Rg1 Rc3+ 67. Kb2 Rc7 68. Bc4 a4 69. Be2 a3+ 70. Kb1 Re7 71. Rg2 Rxe2 0-1